000 00533cam a2200181 4500500
005 20260329003630.0
041 _afre
042 _adc
100 1 0 _aNathan, Tobie
_eauthor
245 0 0 _aLa sagesse de l’argent
260 _c2016.
500 _a67
690 _aArgent
690 _aBourgeoisie
690 _aPascal Bruckner
786 0 _nPhilosophie magazine | 99 | 5 | 2016-05-01 | p. 57-57 | 1951-1787
856 4 1 _uhttps://shs.cairn.info/magazine-philosophie-magazine-2016-5-page-57?lang=fr&redirect-ssocas=7080
999 _c1826235
_d1826235